[Event "FRA AJEC/4179 corr"]
[Site "France"]
[Date "1998.??.??"]
[Round "?"]
[White "Hautcoeur, David"]
[Black "Boisgard, Jean Marc"]
[Result "0-1"]
[WhiteElo "1792"]
[BlackElo "1726"]
[PlyCount "94"]
[EventDate "1998.??.??"]
[EventType "tourn (corr)"]
[EventRounds "8"]
[EventCountry "FRA"]
[SourceTitle "Corr 2004"]
[Source "ChessBase"]
[SourceDate "2003.04.28"]
[SourceVersion "3"]
[SourceVersionDate "2003.04.28"]
[SourceQuality "1"]

1. e4 c5 2. Nf3 d6 3. d4 cxd4 4. Nxd4 Nf6 5. Nc3 a6 6. Bg5 e6 7. Qf3 Be7 8. Bd3 Nbd7 9. Qh3 Nc5 10. 0-0 e5 11. Qe3 Ng4 12. Qf3 exd4 13. Bxe7 Qxe7 14. Nd5 Ne5 15. Qg3 Qd8 16. Qxg7 Kd7 17. Nb6+ Qxb6 18. Qxh8 Qxb2 19. Qxh7 Ncxd3 20. cxd3 Qd2 21. f4 Nxd3 22. Qxf7+ Kc6 23. Qd5+ Kd7 24. Qxd4 Qc2 25. e5 Qc5 26. Qxc5 dxc5 27. Rad1 c4 28. f5 Ke7 29. e6 Bxe6 30. fxe6 Kxe6 31. g4 b5 32. Kg2 Rd8 33. Kg3 b4 34. h4 c3 35. h5 c2 36. Rd2 Rf8 37. Re2+ Kd7 38. Rxc2 Rxf1 39. Rd2 Kc6 40. Rxd3 Rc1 41. g5 Rc3 42. Rf3 Kd5 43. Kf4 Ke6 44. g6 a5 45. Ke4 Rxf3 46. Kxf3 a4 47. Ke3 b3 0-1

[Event "FRA AJEC/4179 corr"]
[Site "France"]
[Date "1998.??.??"]
[Round "?"]
[White "Hautcoeur, David"]
[Black "Eliot, Robert"]
[Result "1/2-1/2"]
[WhiteElo "1792"]
[BlackElo "1690"]
[PlyCount "49"]
[EventDate "1998.??.??"]
[EventType "tourn (corr)"]
[EventRounds "8"]
[EventCountry "FRA"]
[SourceTitle "Corr 2004"]
[Source "ChessBase"]
[SourceDate "2003.04.28"]
[SourceVersion "3"]
[SourceVersionDate "2003.04.28"]
[SourceQuality "1"]

1. e4 c5 2. Nf3 d6 3. d4 cxd4 4. Nxd4 Nf6 5. Nc3 a6 6. f4 Nbd7 7. Be3 Qc7 8. g3 e6 9. Bg2 Be7 10. 0-0 0-0 11. Nf3 Rd8 12. f5 e5 13. h3 b5 14. Nd5 Nxd5 15. exd5 Nf6 16. g4 Bb7 17. Ne1 Rac8 18. g5 Ne8 19. h4 f6 20. Qh5 Bf8 21. Qg4 Qe7 22. h5 fxg5 23. Bxg5 Nf6 24. Bxf6 Qxf6 25. c3 1/2-1/2

[Event "FRA AJEC/4179 corr"]
[Site "France"]
[Date "1998.??.??"]
[Round "?"]
[White "Thuillier, Dominique"]
[Black "Hautcoeur, David"]
[Result "1-0"]
[WhiteElo "1804"]
[BlackElo "1792"]
[PlyCount "59"]
[EventDate "1998.??.??"]
[EventType "tourn (corr)"]
[EventRounds "8"]
[EventCountry "FRA"]
[SourceTitle "Corr 2004"]
[Source "ChessBase"]
[SourceDate "2003.04.28"]
[SourceVersion "3"]
[SourceVersionDate "2003.04.28"]
[SourceQuality "1"]

1. d4 d6 2. c4 Nf6 3. Bf4 g6 4. Nc3 Nh5 5. Bg5 f6 6. Bh4 Bg7 7. e3 f5 8. Nf3 0-0 9. Qd2 Nf6 10. Be2 Nc6 11. Bg3 e6 12. 0-0-0 d5 13. Ne5 Ne4 14. Nxe4 dxe4 15. Qc3 Ne7 16. d5 exd5 17. f3 c6 18. f4 Be6 19. h4 Qc7 20. h5 Bxe5 21. fxe5 Kg7 22. cxd5 Nxd5 23. Rxd5 Qb6 24. Rd7+ Rf7 25. Rd6 Re8 26. Bh4 Kg8 27. Bf6 Rxf6 28. exf6 g5 29. h6 Qc7 30. f7+ 1-0